000 00332nam a2200133Ia 4500
008 240624s9999 xx 000 0 und d
041 _aeng
082 _a604.20285536 COH
100 _aCOHN DAVID S
245 _aAUTOCAD 14 THE COMPLETE REFERENCE
260 _c2000
_aNew Delhi
_bTata McGrawhill
300 _axxx, : 1089
365 _cRS
999 _c594
_d594